01616nam a22002897a 4500003000400000005001700004007000300021008004100024020001800065040003200083041000800115082001700123100003700140245012400177300001900301490001200320500004400332504003000376505046800406505010300874505002000977710003500997942001401032952012901046952013401175999001701309OSt20220531084008.0ta210118b2018 dr ||||| |||| 001 0dspa d a9788409017959 aDO-SdBNPbspacBNPHUdBNPHU hspa 4aBNPHUbA795a1 925165aArvelo, Alejandro,d1959-10aAristóteles o la precisión :bapuntes a la pasión del que nombra. /cDaniel Tejada , dirección y coordinación a71 p. ;c20 cm1 aEnsayo. aIncluye datos biográficos del autor . aBibliografía : p. 69-711 aEl imperialismo de precisión, ¿un requerimiento táctico para filosofar? :tI. la propiedad y la exactitud, normas de hechos en Aristóteles. II. la lengua, ¿medio o causa eficiente del pensamiento? II. retórica, pensamiento e imperativo de precisión. IV. la delimitación rigurosa de matices, vínculo intangible entre lógica y retórica. V. modos, utilidad y conciencia del valor hermenéutico de la precisión terminológica en Aristóteles.1 aPrecisión como método y como reserva crítica de la humanidad en las actuales circunstancias.1 aBibliografía.1 aTejada, Daniel,ecoord.977691 2ddccLBS1 00102ddc718PDaBNPHUbPDcHDd2020-10-27eDepósito legall0oBNPHU- xxxx A795ap2021-0102r2021-01-18w2021-01-18yLFPD 00102ddc718PDaBNPHUbPDcHDd2020-10-27eDepósito legall0oBNPHU- xxxx A795ap2021-0103r2021-01-18te.2w2021-01-18yLFPD c49331d49331